Statistics for (Fortnite) What Battle Pass?

Click here to take the quiz!

General Stats

  • This quiz has been taken 131 times
  • The average score is 3 of 5

Answer Stats

QuestionAnswer% Correct
Which Item was in the Season 2 Battle Pass?Black Knight
91%
Which Item was in the Season 4 Battle Pass?Orange Justice
91%
Which Item was in the Season 9 Battle Pass?Bunker Basher
71%
Which Item was in the Season 3 Battle Pass?High Octane
51%
Which Item was in the Season X Battle Pass?Popcorn (Contrail)
32%

Score Distribution

Percentile by Number Answered

Percent of People with Each Score

Your Score History

You have not taken this quiz